<?xml version="1.0" encoding="UTF-8"?>
<collection xmlns="http://www.loc.gov/MARC21/slim">
  <record>
    <leader>00000nam  2200000   4500</leader>
    <controlfield tag="001">INLIS000000000016069</controlfield>
    <controlfield tag="005">20231024111939</controlfield>
    <datafield tag="035" ind1="#" ind2="#">
      <subfield code="a">0010-1023000151</subfield>
    </datafield>
    <controlfield tag="007">ta</controlfield>
    <controlfield tag="008">231024################g##########1#ind##</controlfield>
    <datafield tag="020" ind1="#" ind2="#">
      <subfield code="a">602-258-118-4</subfield>
    </datafield>
    <datafield tag="082" ind1="#" ind2="#">
      <subfield code="a">811</subfield>
    </datafield>
    <datafield tag="084" ind1="#" ind2="#">
      <subfield code="a">811 ISR r</subfield>
    </datafield>
    <datafield tag="100" ind1=" " ind2="#">
      <subfield code="a">Israwaty Samad, Fatimah, Sri Ulfanita, Nila Karmilawati, Nurlaisa Kamislisyai, Abdul Samad Rauf, Ivan Kavalera</subfield>
    </datafield>
    <datafield tag="245" ind1="1" ind2="#">
      <subfield code="a">Rumah Putih :</subfield>
      <subfield code="b">Antologi puisi serumah /</subfield>
      <subfield code="c">Israwaty Samad, dkk</subfield>
    </datafield>
    <datafield tag="250" ind1="#" ind2="#">
      <subfield code="a">1</subfield>
    </datafield>
    <datafield tag="260" ind1="#" ind2="#">
      <subfield code="a">Yogyakarta :</subfield>
      <subfield code="b">Ombak,</subfield>
      <subfield code="c">2013</subfield>
    </datafield>
    <datafield tag="300" ind1="#" ind2="#">
      <subfield code="a">xii, 166 hal. ;</subfield>
      <subfield code="c">21 cm</subfield>
    </datafield>
    <datafield tag="650" ind1="#" ind2="4">
      <subfield code="a">Puisi</subfield>
    </datafield>
    <datafield tag="520" ind1="#" ind2="#">
      <subfield code="a">Buku ini memuat sekumpulan tulisan sederhana yang sementara kami anggap termasuk puisi. Rumah putih adalah sebutan untuk sebuah rumah sederhana di sebuah lereng bukit di Bulukumba, Sulawesi Selatan. Rumah penuh puisi itu terletak di Jalan Kopi No. L 16 Kelurahan Tanete Kecamatan Bulukumpa. Entah mengapa, rumah sederhana itu disebut Rumah Putih oleh banyak orang. Juga tidak ada yang tahu siapa yang pertama kali memberi nama itu. Seluruh penghuni Rumah Putih sangat mencintai ilmu pengetahuan dan seni. Hampir semua penghuninya suka menulis berbagai karya sastra, termasuk puisi.</subfield>
    </datafield>
    <datafield tag="856" ind1="#" ind2="#">
      <subfield code="a">Perpustakaan LAN Pusat</subfield>
    </datafield>
    <datafield tag="990" ind1="#" ind2="#">
      <subfield code="a">231019821</subfield>
    </datafield>
  </record>
</collection>
